HTML and HTML: The Complete Reference (Record no. 2816)

MARC details
000 -LEADER
fixed length control field 00325nam a2200133Ia 4500
008 - FIXED-LENGTH DATA ELEMENTS--GENERAL INFORMATION
fixed length control field 191201s2003 xx 000 0 und d
082 ## - DEWEY DECIMAL CLASSIFICATION NUMBER
Classification number 005.72
Item number POH
100 ## - MAIN ENTRY--PERSONAL NAME
Personal name POWELL, Thomas
245 #0 - TITLE STATEMENT
Title HTML and HTML: The Complete Reference
260 ## - PUBLICATION, DISTRIBUTION, ETC. (IMPRINT)
Place of publication, distribution, etc N.Delhi
Name of publisher, distributor, etc TMH
Date of publication, distribution, etc 2003
300 ## - PHYSICAL DESCRIPTION
Extent 944
650 ## - SUBJECT ADDED ENTRY--TOPICAL TERM
Topical term or geographic name as entry element B.Tech(IT)
942 ## - ADDED ENTRY ELEMENTS (KOHA)
Source of classification or shelving scheme Dewey Decimal Classification
Koha item type Text Books
Holdings
Withdrawn status Lost status Source of classification or shelving scheme Damaged status Not for loan Collection code Home library Current library Date acquired Source of acquisition Cost, normal purchase price Bill Number Total Checkouts Full call number Acc. no. / Barcode Date last seen Bill Date Koha item type Date last borrowed
    Dewey Decimal Classification     B.Tech(IT) PIET C-LIBRARY PIET C-LIBRARY 18/08/2007 J B C, New Delhi 525.00 700   005.72 POH 6234 04/12/2019 28/07/2007 Text Books  
    Dewey Decimal Classification     B.Tech(IT) PIET C-LIBRARY PIET C-LIBRARY 18/08/2007 J B C, New Delhi 525.00 700 1 005.72 POH 6235 20/08/2022 28/07/2007 Text Books 08/03/2022
    Dewey Decimal Classification     B.Tech(IT) PIET C-LIBRARY PIET C-LIBRARY 18/08/2007 J B C, New Delhi 525.00 700   005.72 POH 6236 04/12/2019 28/07/2007 Text Books  
    Dewey Decimal Classification     B.Tech(IT) PIET C-LIBRARY PIET C-LIBRARY 18/08/2007 J B C, New Delhi 525.00 700   005.72 POH 6237 04/12/2019 28/07/2007 Text Books  
    Dewey Decimal Classification     B.Tech(IT) PIET C-LIBRARY PIET C-LIBRARY 18/08/2007 J B C, New Delhi 525.00 700   005.72 POH 6238 04/12/2019 28/07/2007 Text Books  
    Dewey Decimal Classification     B.Tech(IT) PIET C-LIBRARY PIET C-LIBRARY 18/08/2007 J B C, New Delhi 525.00 700   005.72 POH 6239 04/12/2019 28/07/2007 Text Books  
    Dewey Decimal Classification     B.Tech(IT) PIET C-LIBRARY PIET C-LIBRARY 18/08/2007 J B C, New Delhi 525.00 700   005.72 POH 6240 04/12/2019 28/07/2007 Text Books  
    Dewey Decimal Classification     B.Tech(IT) PIET C-LIBRARY PIET C-LIBRARY 18/08/2007 J B C, New Delhi 525.00 700   005.72 POH 6241 04/12/2019 28/07/2007 Text Books  
    Dewey Decimal Classification     B.Tech(IT) PIET C-LIBRARY PIET C-LIBRARY 18/08/2007 J B C, New Delhi 525.00 700   005.72 POH 6242 04/12/2019 28/07/2007 Text Books  
    Dewey Decimal Classification     B.Tech(IT) PIET C-LIBRARY PIET C-LIBRARY 18/08/2007 J B C, New Delhi 525.00 700   005.72 POH 6243 04/12/2019 28/07/2007 Text Books  
    Dewey Decimal Classification     B.Tech(IT) PIET C-LIBRARY PIET C-LIBRARY 18/08/2007 J B C, New Delhi 525.00 700   005.72 POH 6244 04/12/2019 28/07/2007 Text Books  
    Dewey Decimal Classification     B.Tech(IT) PIET C-LIBRARY PIET C-LIBRARY 18/08/2007 J B C, New Delhi 525.00 700   005.72 POH 6245 04/12/2019 28/07/2007 Text Books  
    Dewey Decimal Classification     B.Tech(IT) PIET C-LIBRARY PIET C-LIBRARY 18/08/2007 J B C, New Delhi 525.00 700   005.72 POH 6246 04/12/2019 28/07/2007 Text Books  
    Dewey Decimal Classification     B.Tech(IT) PIET C-LIBRARY PIET C-LIBRARY 18/08/2007 J B C, New Delhi 525.00 700   005.72 POH 6247 04/12/2019 28/07/2007 Text Books  
    Dewey Decimal Classification     B.Tech(IT) PIET C-LIBRARY PIET C-LIBRARY 18/08/2007 J B C, New Delhi 525.00 700 2 005.72 POH 6248 24/05/2022 28/07/2007 Text Books 18/04/2022
    Dewey Decimal Classification     B.Tech(IT) PIET C-LIBRARY PIET C-LIBRARY 18/08/2007 J B C, New Delhi 525.00 700   005.72 POH 6249 04/12/2019 28/07/2007 Text Books  
    Dewey Decimal Classification     B.Tech(IT) PIET C-LIBRARY PIET C-LIBRARY 18/08/2007 J B C, New Delhi 525.00 700   005.72 POH 6250 04/12/2019 28/07/2007 Text Books  
    Dewey Decimal Classification     B.Tech(IT) PIET C-LIBRARY PIET C-LIBRARY 18/08/2007 J B C, New Delhi 525.00 700   005.72 POH 6251 04/12/2019 28/07/2007 Text Books  
    Dewey Decimal Classification     B.Tech(IT) PIET C-LIBRARY PIET C-LIBRARY 18/08/2007 J B C, New Delhi 525.00 700 3 005.72 POH 6252 27/02/2023 28/07/2007 Text Books 20/02/2023
    Dewey Decimal Classification     B.Tech(IT) PIET C-LIBRARY PIET C-LIBRARY 18/08/2007 J B C, New Delhi 525.00 700   005.72 POH 6253 04/12/2019 28/07/2007 Text Books  

Design & Developed by: PIET Central Library
R70 Miles Stone Pattikalyana Samalkha Panipat 132102
mail ID :- [email protected], Phone No:- 0180-2569700 Ex.216